Hořkosladká vůně vanilky /

Historický román inspirovaný příběhem podnikatelky Marie Fiedorové.

Hlavní autor: Vaverová, Romana, 1971-
Jazyk: Čeština
Vydáno: [Ostrava] : Romana Vaverová, [2024]
Témata:
Fyzický popis: 227 stran : ilustrace, portréty ; 22 cm
Knihy
Uloženo v:
LEADER 03095nam a2200661 i 4500
001 nkc20243634253
003 CZ PrNK
005 20250915080434.0
007 ta
008 241025t20242024xr ac g 000 fbcze
015 |a cnb003634253 
020 |a 978-80-908705-3-6  |q (vázáno) 
035 |a (OCoLC)1477947848 
040 |a ABG001  |b cze  |d BOA001  |e rda 
043 |a e-xr---  |b e-xr-mo  |2 czenas 
045 |a w-x- 
072 7 |a 821.162.3  |x Česká literatura  |2 Konspekt  |9 25 
072 7 |a 929  |x Biografie  |2 Konspekt  |9 8 
080 |a 821.162.3-31  |2 MRF 
080 |a 658.114-055.2  |2 MRF 
080 |a 663/664  |2 MRF 
080 |a 658.114(091)  |2 MRF 
080 |a 929  |2 MRF 
080 |a (437.326)  |2 MRF 
080 |a (0:82-311.6)  |2 MRF 
080 |a (0:82-312.6)  |2 MRF 
100 1 |a Vaverová, Romana,  |d 1971-  |7 xx0278648  |4 aut  |4 pbl 
245 1 0 |a Hořkosladká vůně vanilky /  |c Romana Vaverová 
264 1 |a [Ostrava] :  |b Romana Vaverová,  |c [2024] 
264 4 |c ©2024 
300 |a 227 stran :  |b ilustrace, portréty ;  |c 22 cm 
336 |a text  |b txt  |2 rdacontent 
337 |a bez média  |b n  |2 rdamedia 
338 |a svazek  |b nc  |2 rdacarrier 
504 |a Obsahuje bibliografii 
520 2 |a Historický román inspirovaný příběhem podnikatelky Marie Fiedorové.  |b Hořkosladká vůně vanilky je historický román z Opavska, který se odehrává na konci 19. století. Jednou z hlavních postav je Marie Fiedorová, živnostnice a matka tří synů, která vybudovala moderní podnik na výrobu oplatek, tedy předchůdce dnešní Opavie. Román seznamuje čtenáře také s několika významnými osobnostmi Rakouského Slezska a nastoluje otázky, které jsou aktuální dodnes - otázku osobní svobody, vzájemného respektu či schopnosti po životních karambolech znovu povstat a najít nový cíl. Nakladatelská anotace. 
600 1 7 |a Fiedorová, Marie,  |d 1855-1917  |7 hka20241241656  |2 czenas 
648 7 |a 19.-20. století  |7 ch757015  |2 czenas 
650 0 7 |a podnikatelky  |7 ph115869  |z Česko  |y 19.-20. století  |2 czenas 
650 0 7 |a potravinářský průmysl  |7 ph115837  |z Česko  |y 19.-20. století  |2 czenas 
650 0 7 |a dějiny podnikání  |7 ph506473  |z Česko  |y 19.-20. století  |2 czenas 
650 0 9 |a businesswomen  |z Czechia  |y 19th-20th centuries  |2 eczenas 
650 0 9 |a food industry  |z Czechia  |y 19th-20th centuries  |2 eczenas 
650 0 9 |a business history  |z Czechia  |y 19th-20th centuries  |2 eczenas 
651 7 |a Opava (Česko)  |7 ge130311  |2 czenas 
651 9 |a Opava (Czechia)  |2 eczenas 
655 7 |a české romány  |7 fd133974  |2 czenas 
655 7 |a historické romány  |7 fd132414  |2 czenas 
655 7 |a biografické romány  |7 fd131905  |2 czenas 
655 9 |a Czech fiction  |2 eczenas 
655 9 |a historical novels  |2 eczenas 
655 9 |a biographical novels  |2 eczenas 
910 2 |a BOA001  |b 2-1535.139 
990 |a BK 
995 |a 01 
991 |b 202411  |c NOV 
996 6 |b 2610984969  |c 2-1535.139  |l MZK  |r Sklad / do 1 hodiny  |n 0  |p p.v.  |w 001983457  |u 000010  |a 1  |e BOA001  |j MZK50  |s P 
996 7 |b 2611013113  |c 2-1535.139  |l MZK  |r Sklad / do 1 hodiny  |n 1  |p kup  |w 001983457  |u 000020  |a 1  |e BOA001  |j MZK50  |s A